On This Day: June 19th Quiz Stats

 Plays Quiz Updated Jun 19, 2017

Support Sporcle.
Go Orange.
Score 0/7 Timer 03:00
0 Plays Today
Question Answer Wrong Answers
This comic strip, which features a lasagna loving feline, makes its debut.
1978
Garfield
90.9%
Calvin and Hobbes
1.5%
Peanuts
1.2%
Heathcliff
2.1%
WikiLeaks founder ______ requests asylum in London's Ecuadorian Embassy for fear of extradition to the US after publication of previously classified documents.
2012
Julian Assange
84.1%
Glenn Greenwald
4%
Alex Jones
3.8%
Daniel Domscheit-Berg
3.3%
The Communications Act of 1934 is signed into law, establishing the ______.
1934
Federal Communications Commission (FCC)
72.8%
Federal Radio Commission (FRC)
7.7%
Radio Communication Agency (RCA)
7.3%
Free Communication Collective (FCC)
8.4%
The first officially recorded, organized ______ game is played under Alexander Cartwright's rules at Elysian Fields in Hoboken, New Jersey.
1846
Baseball
68.2%
Hockey
4.7%
Football
18.6%
Lacrosse
8.4%
This American baseball player, nicknamed ‘The Iron Horse’, is born.
1903
Lou Gehrig
58.3%
Babe Ruth
12.1%
Mickey Mantle
11.7%
Ty Cobb
16.1%
Over two years after the Emancipation Proclamation, slaves in Galveston, Texas, are finally informed of their freedom. The anniversary, ______, is now a federal holiday.
1865
Juneteenth
45.8%
Emancipation Day
33.8%
Freedman’s Day
9.8%
Liberty Day
9.7%
This holiday is celebrated for the first time in Spokane, Washington.
1910
Father's Day
40.6%
Mother's Day
22.6%
Flag Day
18.4%
Memorial Day
15.8%

You're not logged in!

Compare scores with friends on all Sporcle quizzes.
OR
Log In
Forgot?

From the Vault

Fighting Pokémon (Gen I)

by specialkbrand

What if you don't want to train your Pokémon to fight? What if you're just looking for a loyal pet?
Remove Ads.
Support Sporcle.
Get the best of Sporcle when you Go Orange. This ad-free experience offers more features, more stats, and more fun while also helping to support Sporcle. Thank you for becoming a member.

Show Comments

Extras

Top Quizzes Today


Score Distribution

Your Account Isn't Verified!

In order to create a playlist on Sporcle, you need to verify the email address you used during registration. Go to your Sporcle Settings to finish the process.

Report this User

Report this user for behavior that violates our Community Guidelines.

Details: